|
|
|
|
| LEADER |
02124nam a2200349 a 4500 |
| 001 |
43840 |
| 003 |
BD-DhAAL |
| 005 |
20241217101826.0 |
| 008 |
241215p20162009enka b 001 0 eng d |
| 010 |
|
|
|a 2009002789
|
| 020 |
|
|
|a 9780521424264 (hardback)
|
| 020 |
|
|
|a 0521424267 (hardback)
|
| 035 |
|
|
|a (OCoLC)ocn286431654
|
| 040 |
|
|
|a DLC
|c DLC
|d BTCTA
|d YDXCP
|d C#P
|d CDX
|d BWX
|d GZM
|d BWK
|d DLC
|d BD-DhAAL
|
| 050 |
0 |
0 |
|a QA267.7
|b .A76 2009
|
| 082 |
0 |
0 |
|a 511.352
|2 22
|
| 100 |
1 |
|
|a Arora, Sanjeev.
|9 57308
|
| 245 |
1 |
0 |
|a Computational complexity :
|b a modern approach /
|c Sanjeev Arora, Boaz Barak.
|
| 260 |
|
|
|a Cambridge ;
|a New York :
|b Cambridge University Press,
|c 2009
|g (2016 printing)
|
| 300 |
|
|
|a xxiv, 579 pages :
|b illustrations ;
|c 27 cm
|
| 504 |
|
|
|a Includes bibliographical references (pages 549-573) and indexes.
|
| 526 |
|
|
|a CSE
|x Sowmitra Das,
Lecturer
Course name : Quantum Complexity Theory (CSE 458)
|
| 541 |
|
|
|a Hye Trade International
|e 43840, 43841, 43842
|
| 650 |
|
0 |
|a Computational complexity.
|
| 650 |
|
0 |
|a Computer science.
|
| 700 |
1 |
|
|a Barak, Boaz.
|9 57309
|
| 852 |
|
|
|a Ayesha Abed Library
|c General Stacks
|
| 942 |
|
|
|2 ddc
|c BK
|
| 999 |
|
|
|c 46996
|d 46996
|
| 952 |
|
|
|0 0
|1 0
|2 ddc
|4 0
|6 511_352000000000000_ARO
|7 0
|9 77014
|a BRACUL
|b BRACUL
|c GEN
|d 2024-12-11
|e Hye Trade International
|g 5806.00
|l 1
|m 30
|o 511.352 ARO
|p 3010043840
|q 2026-01-29
|r 2025-03-22
|s 2025-03-22
|t 1
|v 5806.00
|w 2024-12-11
|y BK
|x Requisitioned by Sowmitra Das for the course named- "Quantum Complexity Theory (CSE 458)".
|
| 952 |
|
|
|0 0
|1 0
|2 ddc
|4 0
|6 511_352000000000000_ARO
|7 0
|9 77015
|a BRACUL
|b BRACUL
|c GEN
|d 2024-12-11
|e Hye Trade International
|g 5806.00
|l 2
|m 44
|o 511.352 ARO
|p 3010043841
|q 2026-05-20
|r 2025-11-02
|s 2025-11-02
|t 2
|v 5806.00
|w 2024-12-11
|y BK
|x Requisitioned by Sowmitra Das for the course named- "Quantum Complexity Theory (CSE 458)".
|
| 952 |
|
|
|0 0
|1 0
|2 ddc
|4 0
|6 511_352000000000000_ARO
|7 0
|9 77016
|a BRACUL
|b BRACUL
|c GEN
|d 2024-12-11
|e Hye Trade International
|g 5806.00
|l 2
|m 30
|o 511.352 ARO
|p 3010043842
|q 2026-08-20
|r 2026-04-22
|s 2026-04-22
|t 3
|v 5806.00
|w 2024-12-11
|y BK
|x Requisitioned by Sowmitra Das for the course named- "Quantum Complexity Theory (CSE 458)".
|